Statistics for "C" animal quiz

Click here to take the quiz!

General Stats

  • This quiz has been taken 989 times
  • The average score is 12 of 14

Answer Stats

HintAnswer% Correct
Spotted feline; fastest land animalCheetah
95%
Closest relatives of alligatorsCrocodile
95%
Type of ape; closest relatives of humansChimpanzee
93%
Small squirrel like animal; movie called Alvin and theChipmunk
93%
Red crustacean that lives on the beachCrab
91%
Baby cattle or cowCalf
89%
Yellow bird used by minersCanary
88%
Mountable; lives in the desertCamel
86%
Lizard that is able to change colorsChameleon
84%
Orange and white striped fish that live in sea anenomeClownfish
82%
Wolf like desert animalCoyote
75%
Small domestic dog from mexicoChihuahua
73%
Type of red birdCardinal
72%
Type of cephalopod (squid, octopus etc.)Cuttlefish
48%

Score Distribution

Percentile by Number Answered

Percent of People with Each Score

Your Score History

You have not taken this quiz